| 000 | 00495nam a22001817a 4500 | ||
|---|---|---|---|
| 003 | LK-CoDNM | ||
| 005 | 20250130110331.0 | ||
| 008 | 250130b |||||||| |||| 00| 0 eng d | ||
| 040 |
_aLK-CoDNM _dLK-CoDNM _eLK-CoDNM |
||
| 041 | _aeng | ||
| 080 |
_a13 _bR15 |
||
| 100 | _aParker,T.Jeffery | ||
| 245 | _aAn elementary course of practical zoology | ||
| 260 |
_aST. Martin's street, London _bMacmillan and co. Limited |
||
| 300 | _axii, 638p. : ill ; 18 cm | ||
| 650 | _aAnimals | ||
| 942 | _cBK | ||
| 999 |
_c237677 _d237677 |
||